000 00576nam a22002177a 4500
003 UA-OsUOA
001 61819
007 ta
008 20090716b un ||||| |||| 00| 0 ukr d
100 _aФилин Н.А.
090 _a32
_bФ53
942 _cSA
040 _aUA-OsUOA
_brus
_cUA-OsUOA
_dUA-OsUOA
245 _aТеррористическая деятеьность радикальной оппозиции в Иране (1998-2008)
300 _aС.117-125
955 _a0
041 _arus
080 _a32
773 0 _w61818
650 7 _a32 Політика
_2UDC
999 _c347632
_d347632